000 00616nam a22001937a 4500
003 OSt
005 20140310181916.0
008 130716t xxu||||| |||| 00| 0 eng d
050 _aBF 723
_b.C934 1995
082 _aTR 370.152
_bC33 1995
245 _aCritical thinking workshops /
260 _aCalifornoia :
_bFoundation for Critical Thinking,
_cc1995.
300 _a103 p. :
_bill. ;
_c28 cm.
520 _a1. Critical thinking--Study and teaching--Handbooks, manuals, etc. 2. Critical thinking--Handbooks, manuals, etc.
521 _aTeachers
541 _j1
562 _e1
942 _2lcc
_cBK-TR
_kTR
999 _c6782
_d6782